000
00277nam a2200097Ia 4500
999
_c
12493
_d
12493
100
_a
شیخ ایاز
245
0
_a
رسالہ شاہ عبداللطیف بھٹائی رح
260
_a
کراچی
_b
سندھیکا اکیڈمی
_c
٢٠٠٥
300
_a
٦٦٣ صفحات
942
_c
BK